<?xml version="1.0" encoding="UTF-8"?>
<record
    xmlns:xsi="http://www.w3.org/2001/XMLSchema-instance"
    xsi:schemaLocation="http://www.loc.gov/MARC21/slim http://www.loc.gov/standards/marcxml/schema/MARC21slim.xsd"
    xmlns="http://www.loc.gov/MARC21/slim">

  <leader>03083nam a22002657a 4500</leader>
  <controlfield tag="003">NALT</controlfield>
  <controlfield tag="005">20260126113004.0</controlfield>
  <controlfield tag="008">240605b        th ||||| |||| 00| 0 tha d</controlfield>
  <datafield tag="020" ind1=" " ind2=" ">
    <subfield code="a">9786764459564</subfield>
  </datafield>
  <datafield tag="040" ind1=" " ind2=" ">
    <subfield code="a">NALT</subfield>
  </datafield>
  <datafield tag="090" ind1=" " ind2=" ">
    <subfield code="a">KD 5</subfield>
    <subfield code="b">&#xE2A;721&#xE01; 2566</subfield>
  </datafield>
  <datafield tag="100" ind1="0" ind2=" ">
    <subfield code="a">&#xE2A;&#xE34;&#xE17;&#xE18;&#xE34;&#xE01;&#xE23; &#xE28;&#xE31;&#xE01;&#xE14;&#xE34;&#xE4C;&#xE41;&#xE2A;&#xE07;</subfield>
    <subfield code="9">31935</subfield>
  </datafield>
  <datafield tag="245" ind1="1" ind2="0">
    <subfield code="a">&#xE01;&#xE0E;&#xE2B;&#xE21;&#xE32;&#xE22;&#xE23;&#xE31;&#xE10;&#xE18;&#xE23;&#xE23;&#xE21;&#xE19;&#xE39;&#xE0D;&#xE41;&#xE25;&#xE30;&#xE2A;&#xE16;&#xE32;&#xE1A;&#xE31;&#xE19;&#xE17;&#xE32;&#xE07;&#xE01;&#xE32;&#xE23;&#xE40;&#xE21;&#xE37;&#xE2D;&#xE07; /</subfield>
    <subfield code="c">&#xE2A;&#xE34;&#xE17;&#xE18;&#xE34;&#xE01;&#xE23; &#xE28;&#xE31;&#xE01;&#xE14;&#xE34;&#xE4C;&#xE41;&#xE2A;&#xE07;.</subfield>
  </datafield>
  <datafield tag="250" ind1=" " ind2=" ">
    <subfield code="a">&#xE1E;&#xE34;&#xE21;&#xE1E;&#xE4C;&#xE04;&#xE23;&#xE31;&#xE49;&#xE07;&#xE17;&#xE35;&#xE48; 4.</subfield>
  </datafield>
  <datafield tag="260" ind1=" " ind2=" ">
    <subfield code="a">&#xE19;&#xE19;&#xE17;&#xE1A;&#xE38;&#xE23;&#xE35; :</subfield>
    <subfield code="b">&#xE2A;&#xE32;&#xE21;&#xE14;&#xE35; &#xE2D;&#xE2D;&#xE25;&#xE25;&#xE4C;,</subfield>
    <subfield code="c">2566.</subfield>
  </datafield>
  <datafield tag="300" ind1=" " ind2=" ">
    <subfield code="a">861 &#xE2B;&#xE19;&#xE49;&#xE32; :</subfield>
    <subfield code="b">&#xE15;&#xE32;&#xE23;&#xE32;&#xE07; ;</subfield>
    <subfield code="c">25 &#xE0B;&#xE21;.</subfield>
  </datafield>
  <datafield tag="505" ind1="2" ind2=" ">
    <subfield code="a">&#xE1A;&#xE17;&#xE17;&#xE35;&#xE48; 1 &#xE41;&#xE19;&#xE27;&#xE04;&#xE34;&#xE14;&#xE41;&#xE25;&#xE30;&#xE17;&#xE24;&#xE29;&#xE0E;&#xE35;&#xE43;&#xE19;&#xE17;&#xE32;&#xE07;&#xE01;&#xE33;&#xE2B;&#xE21;&#xE32;&#xE22;&#xE23;&#xE31;&#xE10;&#xE18;&#xE23;&#xE23;&#xE21;&#xE19;&#xE39;&#xE0D;&#xE27;&#xE48;&#xE32;&#xE14;&#xE49;&#xE27;&#xE22;&#xE23;&#xE31;&#xE10; -- &#xE1A;&#xE17;&#xE17;&#xE35;&#xE48; 2 &#xE1E;&#xE31;&#xE12;&#xE19;&#xE32;&#xE01;&#xE32;&#xE23;&#xE02;&#xE2D;&#xE07;&#xE23;&#xE31;&#xE10;&#xE18;&#xE23;&#xE23;&#xE21;&#xE19;&#xE39;&#xE0D; -- &#xE1A;&#xE17;&#xE17;&#xE35;&#xE48; 3 &#xE04;&#xE27;&#xE32;&#xE21;&#xE2B;&#xE21;&#xE32;&#xE22; &#xE25;&#xE31;&#xE01;&#xE29;&#xE13;&#xE30; &#xE1B;&#xE23;&#xE30;&#xE40;&#xE20;&#xE17;&#xE02;&#xE2D;&#xE07;&#xE23;&#xE31;&#xE10;&#xE18;&#xE23;&#xE23;&#xE21;&#xE19;&#xE39;&#xE0D;&#xE41;&#xE25;&#xE30;&#xE01;&#xE33;&#xE2B;&#xE21;&#xE32;&#xE22;&#xE17;&#xE35;&#xE48;&#xE21;&#xE35;&#xE04;&#xE27;&#xE32;&#xE21;&#xE2A;&#xE31;&#xE21;&#xE1E;&#xE31;&#xE19;&#xE18;&#xE4C;&#xE01;&#xE31;&#xE1A;&#xE23;&#xE31;&#xE10;&#xE18;&#xE23;&#xE23;&#xE21;&#xE19;&#xE39;&#xE0D; -- &#xE1A;&#xE17;&#xE17;&#xE35;&#xE48; 4 &#xE01;&#xE32;&#xE23;&#xE01;&#xE33;&#xE40;&#xE19;&#xE34;&#xE14;&#xE02;&#xE2D;&#xE07;&#xE23;&#xE31;&#xE10;&#xE18;&#xE23;&#xE23;&#xE21;&#xE19;&#xE39;&#xE0D; -- &#xE1A;&#xE17;&#xE17;&#xE35;&#xE48; 5 &#xE01;&#xE32;&#xE23;&#xE22;&#xE01;&#xE40;&#xE25;&#xE34;&#xE01;&#xE23;&#xE31;&#xE10;&#xE18;&#xE23;&#xE23;&#xE21;&#xE19;&#xE39;&#xE0D; -- &#xE1A;&#xE17;&#xE17;&#xE35;&#xE48; 6 &#xE23;&#xE39;&#xE1B;&#xE41;&#xE1A;&#xE02;&#xE2D;&#xE07;&#xE23;&#xE31;&#xE10;&#xE41;&#xE25;&#xE30;&#xE23;&#xE39;&#xE1B;&#xE41;&#xE1A;&#xE1A;&#xE01;&#xE32;&#xE23;&#xE1B;&#xE01;&#xE04;&#xE23;&#xE2D;&#xE07;&#xE02;&#xE2D;&#xE07;&#xE23;&#xE31;&#xE10;&#xE15;&#xE32;&#xE21;&#xE23;&#xE31;&#xE10;&#xE18;&#xE23;&#xE23;&#xE21;&#xE19;&#xE39;&#xE0D; -- &#xE1A;&#xE17;&#xE17;&#xE35;&#xE48; 7 &#xE41;&#xE19;&#xE27;&#xE04;&#xE34;&#xE14;&#xE41;&#xE25;&#xE30;&#xE17;&#xE24;&#xE29;&#xE0E;&#xE35;&#xE43;&#xE19;&#xE17;&#xE32;&#xE07;&#xE01;&#xE33;&#xE2B;&#xE21;&#xE32;&#xE22;&#xE23;&#xE31;&#xE10;&#xE18;&#xE23;&#xE23;&#xE21;&#xE19;&#xE39;&#xE0D;&#xE27;&#xE48;&#xE32;&#xE14;&#xE49;&#xE27;&#xE22;&#xE2D;&#xE33;&#xE19;&#xE32;&#xE08;&#xE2D;&#xE18;&#xE34;&#xE1B;&#xE44;&#xE15;&#xE22; -- &#xE1A;&#xE17;&#xE17;&#xE35;&#xE48; 8 &#xE1D;&#xE48;&#xE32;&#xE19;&#xE19;&#xE34;&#xE15;&#xE34;&#xE1A;&#xE31;&#xE0D;&#xE0D;&#xE31;&#xE15;&#xE34; -- &#xE1A;&#xE17;&#xE17;&#xE35;&#xE48; 9 &#xE1D;&#xE48;&#xE32;&#xE22;&#xE1A;&#xE23;&#xE34;&#xE2B;&#xE32;&#xE23; -- &#xE1A;&#xE17;&#xE17;&#xE35;&#xE48; 10 &#xE1D;&#xE48;&#xE32;&#xE22;&#xE15;&#xE38;&#xE25;&#xE32;&#xE01;&#xE32;&#xE23; -- &#xE1A;&#xE17;&#xE17;&#xE35;&#xE48; 11 &#xE2D;&#xE07;&#xE04;&#xE37;&#xE01;&#xE23;&#xE2D;&#xE34;&#xE2A;&#xE23;&#xE30;&#xE41;&#xE25;&#xE30;&#xE2D;&#xE07;&#xE04;&#xE4C;&#xE01;&#xE23;&#xE15;&#xE32;&#xE21;&#xE23;&#xE31;&#xE10;&#xE18;&#xE23;&#xE23;&#xE21;&#xE19;&#xE39;&#xE0D;&#xE02;&#xE2D;&#xE07;&#xE1B;&#xE23;&#xE30;&#xE40;&#xE17;&#xE28;&#xE44;&#xE17;&#xE22; -- &#xE1A;&#xE17;&#xE17;&#xE35;&#xE48; 12 &#xE23;&#xE39;&#xE1B;&#xE41;&#xE1A;&#xE1A;&#xE02;&#xE2D;&#xE07;&#xE23;&#xE31;&#xE10;&#xE1A;&#xE32;&#xE25; -- &#xE1A;&#xE17;&#xE17;&#xE35;&#xE48; 13 &#xE2A;&#xE34;&#xE17;&#xE18;&#xE34;&#xE40;&#xE2A;&#xE23;&#xE35;&#xE20;&#xE32;&#xE1E;&#xE41;&#xE25;&#xE30;&#xE2B;&#xE19;&#xE49;&#xE32;&#xE17;&#xE35;&#xE48;&#xE02;&#xE2D;&#xE07;&#xE1B;&#xE23;&#xE30;&#xE0A;&#xE32;&#xE0A;&#xE19;&#xE15;&#xE32;&#xE21;&#xE23;&#xE31;&#xE10;&#xE18;&#xE23;&#xE23;&#xE21;&#xE19;&#xE39;&#xE0D; -- &#xE1A;&#xE17;&#xE17;&#xE35;&#xE48; 14 &#xE01;&#xE32;&#xE23;&#xE04;&#xE27;&#xE1A;&#xE04;&#xE38;&#xE21;&#xE04;&#xE27;&#xE32;&#xE21;&#xE0A;&#xE2D;&#xE1A;&#xE14;&#xE49;&#xE27;&#xE22;&#xE23;&#xE31;&#xE10;&#xE18;&#xE23;&#xE23;&#xE21;&#xE19;&#xE39;&#xE0D;&#xE02;&#xE2D;&#xE07;&#xE01;&#xE0E;&#xE2B;&#xE21;&#xE32;&#xE22; -- &#xE1A;&#xE17;&#xE17;&#xE35;&#xE48; 15 &#xE1E;&#xE23;&#xE23;&#xE04;&#xE01;&#xE32;&#xE23;&#xE40;&#xE21;&#xE37;&#xE2D;&#xE07; : &#xE2A;&#xE16;&#xE32;&#xE1A;&#xE31;&#xE19;&#xE17;&#xE32;&#xE07;&#xE01;&#xE32;&#xE23;&#xE40;&#xE21;&#xE37;&#xE2D;&#xE07;&#xE17;&#xE35;&#xE48;&#xE40;&#xE1B;&#xE47;&#xE19;&#xE01;&#xE25;&#xE44;&#xE01;&#xE25;&#xE40;&#xE25;&#xE37;&#xE2D;&#xE01;&#xE15;&#xE31;&#xE49;&#xE07;&#xE43;&#xE19;&#xE23;&#xE30;&#xE1A;&#xE2D;&#xE1A;&#xE1B;&#xE23;&#xE30;&#xE0A;&#xE32;&#xE18;&#xE34;&#xE44;&#xE15;&#xE22;&#xE17;&#xE32;&#xE07;&#xE1C;&#xE39;&#xE49;&#xE41;&#xE17;&#xE19;.</subfield>
  </datafield>
  <datafield tag="650" ind1=" " ind2="4">
    <subfield code="a">&#xE23;&#xE31;&#xE10;&#xE18;&#xE23;&#xE23;&#xE21;&#xE19;&#xE39;&#xE0D; </subfield>
    <subfield code="z">&#xE44;&#xE17;&#xE22;</subfield>
    <subfield code="9">2027</subfield>
  </datafield>
  <datafield tag="650" ind1=" " ind2="4">
    <subfield code="a">&#xE1B;&#xE23;&#xE30;&#xE0A;&#xE32;&#xE18;&#xE34;&#xE1B;&#xE44;&#xE15;&#xE22; </subfield>
    <subfield code="z">&#xE44;&#xE17;&#xE22;</subfield>
    <subfield code="9">6865</subfield>
  </datafield>
  <datafield tag="942" ind1=" " ind2=" ">
    <subfield code="c">LB</subfield>
    <subfield code="2">local</subfield>
  </datafield>
  <datafield tag="996" ind1=" " ind2=" ">
    <subfield code="a">chunbijaya.r</subfield>
    <subfield code="b">CATSTF	</subfield>
    <subfield code="c">2024-06-05</subfield>
  </datafield>
  <datafield tag="996" ind1=" " ind2=" ">
    <subfield code="a">saiphon.d</subfield>
    <subfield code="b">CATSTF	</subfield>
    <subfield code="c">2024-06-05</subfield>
  </datafield>
  <datafield tag="999" ind1=" " ind2=" ">
    <subfield code="c">105241</subfield>
    <subfield code="d">105241</subfield>
  </datafield>
  <datafield tag="998" ind1=" " ind2=" ">
    <subfield code="j">8</subfield>
    <subfield code="k"> &#xE19;&#xE32;&#xE22;&#xE1A;&#xE31;&#xE13;&#xE11;&#xE34;&#xE15;  &#xE2D;&#xE38;&#xE17;&#xE32;&#xE27;&#xE07;&#xE04;&#xE4C;</subfield>
  </datafield>
  <datafield tag="952" ind1=" " ind2=" ">
    <subfield code="0">0</subfield>
    <subfield code="1">0</subfield>
    <subfield code="2">local</subfield>
    <subfield code="4">0</subfield>
    <subfield code="7">0</subfield>
    <subfield code="8">CLAW</subfield>
    <subfield code="a">NALT</subfield>
    <subfield code="b">NALT</subfield>
    <subfield code="c">LAW</subfield>
    <subfield code="d">2024-06-05</subfield>
    <subfield code="l">10</subfield>
    <subfield code="m">6</subfield>
    <subfield code="o">KD 5 &#xE2A;721&#xE01; 2566</subfield>
    <subfield code="p">3961214071</subfield>
    <subfield code="r">2026-02-19 00:00:00</subfield>
    <subfield code="s">2026-01-26</subfield>
    <subfield code="t">&#xE09;.1</subfield>
    <subfield code="w">2024-06-05</subfield>
    <subfield code="y">LB</subfield>
  </datafield>
  <datafield tag="952" ind1=" " ind2=" ">
    <subfield code="0">0</subfield>
    <subfield code="1">0</subfield>
    <subfield code="2">local</subfield>
    <subfield code="4">0</subfield>
    <subfield code="7">0</subfield>
    <subfield code="8">CLAW</subfield>
    <subfield code="a">NALT</subfield>
    <subfield code="b">NALT</subfield>
    <subfield code="c">LAW</subfield>
    <subfield code="d">2024-06-05</subfield>
    <subfield code="l">5</subfield>
    <subfield code="m">3</subfield>
    <subfield code="o">KD 5 &#xE2A;721&#xE01; 2566</subfield>
    <subfield code="p">3961214072</subfield>
    <subfield code="r">2025-09-08 00:00:00</subfield>
    <subfield code="s">2025-08-29</subfield>
    <subfield code="t">&#xE09;.2</subfield>
    <subfield code="w">2024-06-05</subfield>
    <subfield code="y">LB</subfield>
  </datafield>
</record>
